000 00774nam a2200229Ii 4500
003 JO-AjNU
008 230605s9999||||xx |||||||||||||| ||und||
017 _a2020/9/1973
020 _a978-9957-66-200-7
040 _aJO-AjNU
_bara
_erda
_cJO-AjNU
041 _aara
050 1 4 _aLB2806 2021
100 3 _aالبابطين، عبد الرحمن بن عبد الوهاب بن سعود,
_eauthor
_960046
245 0 0 _aدراسات في القيادة التربوية الجامعية
250 _aط1
264 3 1 _aعمان: دار الحامد للنشر،2021
300 _a314ص
336 _atext
_btxt
_2rdacontent
337 _aunmediated
_bn
_2rdamedia
338 _avolume
_bnc
_2rdacarrier
650 4 _aالقيادة التربوية- دراسات
_960047
999 _aA27054
_c30622
_d30622